Kraj, który nie graniczy z... - Statystyki

Ogólne statystyki
  • Ten quiz został rozwiązany 17 499 razy
  • Średni wynik to 13 z 18
Statystyki odpowiedzi
Zagadnienie Odpowiedź % Poprawnych
Ukraina Serbia
100%
Niemcy Włochy
100%
Rosja Armenia
86%
Brazylia Chile
86%
Francja Liechtenstein
86%
Egipt Maroko
86%
Argentyna Peru
86%
Arabia Saudyjska Syria
86%
Etiopia Tanzania
86%
Chorwacja Włochy
86%
Chiny Japonia
71%
Indonezja Tajlandia
71%
Afganistan Indie
57%
Wenezuela Surinam
57%
Mjanma (Birma) Wietnam
57%
Republika Południowej Afryki Zambia
57%
Gwatemala Nikaragua
43%
Turcja Liban
29%
Nie znaleziono quizów pasujących do podanych kryteriów
Rozkład punktacji
Procent ludzi z każdym wynikiem
Percentyl według liczby udzielonych odpowiedzi
Twoja historia wyników
Nie rozwiązałeś tego quizu